000 00478cam a2200169 a 4500
003 OSt
005 20171028112026.0
008 960524s1995 ug f000 0 eng
010 _a 95982790
040 _aDLC
_cDLC
_dDLC
082 0 0 _a346.023096761
_220
_bCON
245 1 0 _aThe Constitution of Uganda 1962 /
260 _aKampala, Uganda :
_bUganda Constiution Commission,
_c1962.
300 _axviii, 196 p. ;
_c21 cm.
650 0 _aConstitutions
_zUganda.
_9555
942 _2ddc
_cBK
999 _c188
_d188